| 000 | 00900nam a2200253Ia 4500 | ||
|---|---|---|---|
| 003 | OSt | ||
| 005 | 20220729093556.0 | ||
| 008 | 210716s2004 xx 000 0 und d | ||
| 020 | _a9788122430158 | ||
| 040 | _cAIMIT LIBRARY | ||
| 041 | _aeng | ||
| 082 |
_a519.53 _23 _bSRIU |
||
| 100 |
_aSrivastava, U K. _953901 |
||
| 245 |
_aQuantitative techniques for managerial decisions: _bconcepts illustrations and problems / _cBy U K Srivastava, G V Shenoy and S C Sharma |
||
| 250 | _a3rd ed. | ||
| 260 |
_aNew Delhi : _bNew Age International Pvt Ltd , _c2018. |
||
| 300 |
_axviii,934p. ; _c24 cm. |
||
| 650 |
_aMeasure of dispersion skewness and kurtosis _953902 |
||
| 650 |
_aRandom variables and probability distributions _953903 |
||
| 650 |
_aSampling and sampling distributions _953904 |
||
| 700 |
_aShenoy, G V. _953905 |
||
| 700 |
_aSharma, S C. _953906 |
||
| 942 |
_2ddc _cBK _e3rd _k519.53 SRIU |
||
| 999 |
_c196075 _d196075 |
||